Fantasías parricidas y acceso a la masculinidad: Reflexiones a partir del caso de un adolescente con tendencias suicidas (notice n° 2209107)

détails MARC
000 -LEADER
fixed length control field 01972cam a2200169 4500500
005 - DATE AND TIME OF LATEST TRANSACTION
control field 20260412000104.0
041 ## - LANGUAGE CODE
Language code of text/sound track or separate title fre
042 ## - AUTHENTICATION CODE
Authentication code dc
100 10 - MAIN ENTRY--PERSONAL NAME
Personal name Llantia, Camille
Relator term author
245 00 - TITLE STATEMENT
Title Fantasías parricidas y acceso a la masculinidad: Reflexiones a partir del caso de un adolescente con tendencias suicidas
260 ## - PUBLICATION, DISTRIBUTION, ETC.
Date of publication, distribution, etc. 2026.<br/>
500 ## - GENERAL NOTE
General note 30
520 ## - SUMMARY, ETC.
Summary, etc. Este artículo analiza las cuestiones que plantea la aparición de fantasías parricidas en los adolescentes varones, con el fin de comprender el frecuente fracaso en su elaboración entre aquellos que recurren al acto suicida. Nuestro estudio de caso clínico forma parte de una investigación en curso que analiza la relación entre el género y el suicidio en la adolescencia. Se trata del caso de un adolescente que ha tenido varios intentos de suicidio en momentos de disociación y que está fuertemente invadido por fantasías parricidas. Analizamos los niveles de conflicto que plantean estos escenarios, a la luz de la dinámica identificatoria. Al situar el caso de este adolescente en el contexto de los estudios sobre el parricidio consumado y los procesos melancólicos en la adolescencia, se pone de relieve el callejón sin salida subjetivo que subyace al surgimiento de estas fantasías, tan invasivas que llegan a desencadenar un recurso al acto destructivo. El análisis de las entrevistas clínicas y de algunas respuestas del TAT (Test de Apercepción Temática) nos permite poner a prueba nuestras hipótesis en el ámbito clínico. La atención prestada a la dinámica de la sesión de restitución abre nuevas vías clínicas para acompañar a esta población especialmente vulnerable tras un intento de suicidio.
700 10 - ADDED ENTRY--PERSONAL NAME
Personal name de Kernier, Nathalie
Relator term author
786 0# - DATA SOURCE ENTRY
Note Cahiers de psychologie clinique | 66 | 1 | 2026-03-12 | p. 257-272 | 1370-074X
856 41 - ELECTRONIC LOCATION AND ACCESS
Uniform Resource Identifier <a href="https://shs.cairn.info/revista-cahiers-de-psychologie-clinique-2026-1-page-257?lang=es&redirect-ssocas=7080">https://shs.cairn.info/revista-cahiers-de-psychologie-clinique-2026-1-page-257?lang=es&redirect-ssocas=7080</a>

Pas d'exemplaire disponible.

PLUDOC

PLUDOC est la plateforme unique et centralisée de gestion des bibliothèques physiques et numériques de Guinée administré par le CEDUST. Elle est la plus grande base de données de ressources documentaires pour les Étudiants, Enseignants chercheurs et Chercheurs de Guinée.

Adresse

627 919 101/664 919 101

25 boulevard du commerce
Kaloum, Conakry, Guinée

Réseaux sociaux

Powered by Netsen Group @ 2025